00614nam a2200169 450000500170000001000150001702000260003203500140005803700130007208200120008510000170009724501400011426000400025427000760029430000240037050000500039420190517122657.0 aENG-125210 a9789352806980c895.00 aEN-108742 bDBAD/PUB a320.840 aSharma, B.M. aPanchayati raj and reservation policy :bstudy of impact of reservation policy on the marginalised section of the society/cB.M. Sharma aNew DelhibRawat Publicationsc2018 a4858/24, Ansari RoadbDaryaganj, New Delhie110002minfo@rawatbooks.com axii,207p.c21cm(Hb) aIncludes bibliographical references and index